| 000 | 01103nam a2200301 i 4500 | ||
|---|---|---|---|
| 005 | 20231219173102.0 | ||
| 008 | 231219s2023 my a gr 000 0 may d | ||
| 020 |
_a9789678610193 _cRM 30.00 _qpaperback |
||
| 040 |
_aPPAK _beng _cPPAK _erda |
||
| 082 | 0 | 4 |
_a297.1224045 _223 |
| 090 | 0 | 0 |
_a297.1224045 _bNOT _dG |
| 245 | 0 | 0 |
_aNota My #QuranTime : _b...Baca, Faham, Amal. _nJUZUK 20 / _cYAYASAN WARISAN UMMAH IKHLAS. |
| 246 | 3 | 4 |
_aNota My #QuranTime : _b...Baca, Faham, Amal : CARA MUDAH BERINTERAKSI DENGAN AL-QURAN. _nJUZUK 20 |
| 264 | 1 |
_aShah Alam, Selangor : _bGrup Buku KarangKraf Sdn. Bhd., _c2023 |
|
| 300 |
_a357 pages ; _c24 cm. |
||
| 336 |
_2rdacontent _atext |
||
| 337 |
_2rdamedia _aunmediated |
||
| 338 |
_2rdacarrier _avolume |
||
| 490 | 1 | _aKARYA BESTARI | |
| 650 | 1 | 0 |
_aQur'an _xReadings. |
| 650 | 2 | 0 |
_aQur'an _xRecitation. |
| 650 | 2 | 0 |
_aQur'an _xCriticism, interpretation, etc. |
| 650 | 2 | 0 |
_aQur'an _xTranslating |
| 650 | 2 | 0 |
_aQur'an _xAppreciation |
| 710 | 2 |
_aYayasan Warisan Ummah Ikhlas (UMMAHIKHLAS), _eorganizer. |
|
| 830 | 0 | _aKarya bestari | |
| 942 |
_2ddc _cB |
||
| 999 |
_c194103 _d194103 |
||